| Record ID | ia:lostsouls0000jack_q3m0 |
| Source | Internet Archive |
| Download MARC XML | https://archive.org/download/lostsouls0000jack_q3m0/lostsouls0000jack_q3m0_marc.xml |
| Download MARC binary | https://www.archive.org/download/lostsouls0000jack_q3m0/lostsouls0000jack_q3m0_meta.mrc |
LEADER: 00926cam a2200289 a 4500
001 2008001602
003 DLC
005 20110415084150.0
008 080114s2008 meu d 000 1 eng
010 $a 2008001602
020 $a9781602851795 (hbk. : library binding : alk. paper)
040 $aDLC$cDLC$dDLC
043 $an-us-la
050 10 $aPS3560.A223$bL67 2008
082 00 $a813/.54$222
100 1 $aJackson, Lisa.
245 10 $aLost souls /$cLisa Jackson.
260 $aThorndike, Me. :$bCenter Point Pub.,$c2008.
300 $a590 p. ;$c23 cm.
650 0 $aMontoya, Reuben (Fictitious character)$vFiction.
650 0 $aWomen college students$xCrimes against$vFiction.
650 0 $aSerial murders$vFiction.
650 0 $aCults$vFiction.
651 0 $aBaton Rouge (La.)$vFiction.
650 0 $aLarge type books.
655 7 $aRomantic suspense fiction.$2gsafd
650 0 $aBentz, Rick (Fictitious character)$vFiction.